000 00830nam a2200229 i 4500
001 bg
245 0 _aFinite rotations in structural mechanics :
_bproceedings of the Euromech Colloquium 197, Jabłonna, Poland, 1985 /
_cedit. by W. Pietraszkiewicz.
260 _aBerlin [i in.] :
_bSpringer-Verl.,
_c1986.
300 _aXII, 379 s. :
_brys., wykr. ;
_c24 cm.
490 1 _aLecture Notes in Engineering / edit. by C. A. Brebbia a. S. A. Orszag ;
_v19
700 1 _aPIETRASZKIEWICZ, W.
700 1 _aBrebbia, C. A.
_d(1938- ).
700 1 _aORSZAG, S. A.
830 0 _aLecture Notes in Engineering (edit. by C. A. Brebbia a. S. A. Orszag) ;
_v19
020 _a3540167374
040 _cBPK
041 _apol
080 _a624:539.3/.6
920 _a3-540-16737-4
942 _cKS
008 s pl f |000 0 pol
999 _c28660
_d28660
856 _uhttp://koha.tu.koszalin.pl/cgi-bin/koha/opac-detail.pl?biblionumber=28660
_yKatalog online BPK